[Event "NRW-chT U12"]
[Site "Hagen"]
[Date "2001.03.11"]
[Round "3.1"]
[White "Bieber, Friedemann"]
[Black "Vosskaemper, Raphael"]
[Result "0-1"]
[WhiteElo "1161"]
[BlackElo "1048"]
[PlyCount "164"]
[EventDate "2001.03.??"]
[EventType "team"]
[EventRounds "3"]
[EventCountry "GER"]
[SourceTitle "EXT 2003"]
[Source "ChessBase"]
[SourceDate "2002.11.25"]
[SourceVersion "1"]
[SourceVersionDate "2002.11.25"]
[SourceQuality "1"]

1. e4 e5 2. Nf3 Nc6 3. Nc3 Nf6 4. Bc4 Bc5 5. d3 h6 6. Be3 Bxe3 7. fxe3 d6 8. h3 Be6 9. Bxe6 fxe6 10. d4 exd4 11. exd4 e5 12. d5 Ne7 13. Qd2 Qd7 14. 0-0-0 0-0 15. Rhf1 b5 16. a3 a5 17. Qd3 Rfb8 18. Kd2 c6 19. dxc6 Qxc6 20. Ke2 Qc4 21. Qxc4+ bxc4 22. Rb1 Ng6 23. Rf2 Rd8 24. Nd2 Nf4+ 25. Ke3 Rac8 26. Ne2 Nxe2 27. Kxe2 d5 28. Kf3 d4 29. Rc1 c3 30. Nb3 cxb2 31. Rb1 Rc3+ 32. Ke2 Rxc2+ 33. Ke1 Rxf2 34. Kxf2 Nxe4+ 35. Ke1 a4 36. Nd2 Nxd2 37. Kxd2 e4 38. Rxb2 Kf7 39. Rb4 Kf6 40. Rxa4 Kf5 41. g3 g5 42. Ra5+ Ke6 43. a4 d3 44. Rb5 Rd5 45. Rb6+ Rd6 46. Rb4 e3+ 47. Kd1 e2+ 48. Kd2 Rc6 49. Rb1 Rd6 50. a5 Ke5 51. a6 Rxa6 52. Kxd3 Ra3+ 53. Kxe2 Rxg3 54. Rh1 Kf4 55. Rf1+ Ke4 56. Rh1 h5 57. Kf2 Kf4 58. Ke2 g4 59. hxg4 hxg4 60. Rf1+ Ke4 61. Kf2 Rf3+ 62. Kg2 Rxf1 63. Kxf1 Kf3 64. Kg1 Kg3 65. Kf1 Kh2 66. Kf2 g3+ 67. Kf1 g2+ 68. Ke2 g1Q 69. Kd3 Qd1+ 70. Ke4 Qg4+ 71. Kd5 Qf4 72. Kc6 Qe5 73. Kd7 Qf6 74. Kc7 Qe6 75. Kb7 Qd6 76. Kc8 Qe7 77. Kb8 Kg3 78. Kc8 Kf4 79. Kb8 Ke5 80. Kc8 Kd6 81. Kb8 Kc6 82. Ka8 Qb7# 0-1

[Event "NRW-chT U12"]
[Site "Hagen"]
[Date "2001.03.10"]
[Round "1.1"]
[White "Gossmann, Anna Maria"]
[Black "Vosskaemper, Raphael"]
[Result "1-0"]
[WhiteElo "1140"]
[BlackElo "1048"]
[PlyCount "71"]
[EventDate "2001.03.??"]
[EventType "team"]
[EventRounds "3"]
[EventCountry "GER"]
[SourceTitle "EXT 2003"]
[Source "ChessBase"]
[SourceDate "2002.11.25"]
[SourceVersion "1"]
[SourceVersionDate "2002.11.25"]
[SourceQuality "1"]

1. e4 g6 2. d4 Bg7 3. Nf3 Nc6 4. Be3 d5 5. exd5 Qxd5 6. Nc3 Qd8 7. Bb5 Bd7 8. Qd2 a6 9. Ba4 b5 10. Bb3 e5 11. dxe5 Nxe5 12. Nxe5 Bxe5 13. Qd5 Bxc3+ 14. bxc3 Be6 15. Qc6+ Bd7 16. Qe4+ Ne7 17. 0-0-0 c6 18. Qe5 Rg8 19. Bg5 Ra7 20. Rhe1 a5 21. Bxe7 Qc8 22. Bf6+ Be6 23. Rd8+ Qxd8 24. Bxd8 Kxd8 25. Rd1+ Ke7 26. Qc5+ Kf6 27. Qxa7 a4 28. Bxe6 fxe6 29. Qc5 h5 30. Rd3 g5 31. Rf3+ Kg6 32. Qe5 g4 33. Rf6+ Kh7 34. Qxh5+ Kg7 35. Qg5+ Kh7 36. Rh6# 1-0

[Event "GER-chT U12"]
[Site "Verden"]
[Date "2000.12.30"]
[Round "7.2"]
[White "Windolf, Mario"]
[Black "Vosskaemper, Raphael"]
[Result "1-0"]
[WhiteElo "926"]
[BlackElo "752"]
[PlyCount "76"]
[EventDate "2000.12.26"]
[EventType "team"]
[EventRounds "7"]
[EventCountry "GER"]
[SourceTitle "EXT 2008"]
[Source "ChessBase"]
[SourceDate "2007.11.25"]
[SourceVersion "1"]
[SourceVersionDate "2007.11.25"]
[SourceQuality "1"]
[WhiteTeam "Sachsen Anhalt U12"]
[BlackTeam "Moenchengladbach U12"]
[WhiteTeamCountry "GER"]
[BlackTeamCountry "GER"]

1. d4 b6 2. c4 Bb7 3. Nc3 Nf6 4. Bg5 e6 5. e4 Be7 6. d5 exd5 7. exd5 d6 8. Bxf6 Bxf6 9. Bd3 Bxc3+ 10. bxc3 Qe7+ 11. Qe2 Qxe2+ 12. Nxe2 0-0 13. 0-0 Re8 14. Rfe1 c6 15. Nd4 Rc8 16. Be4 h6 17. Nf5 Rd8 18. Ne7+ Kf8 19. Nxc6 Bxc6 20. dxc6 Nxc6 21. Bxc6 Rac8 22. Bd5 b5 23. cxb5 Rxc3 24. Bc6 d5 25. Red1 d4 26. Kf1 d3 27. Rab1 d2 28. Ke2 Rc2 29. Rb3 Rxa2 30. Rd3 Rxd3 31. Kxd3 Ke7 32. Rxd2 Rxd2+ 33. Kxd2 Kd6 34. Kc3 f5 35. Kd4 g5 36. Kc4 h5 37. Kb4 a6 38. Be8 h4 1-0